It doesn't take a hero General H. Norman Schwarzkopf : the autobiography

Bibliographic Details
Main Authors: Schwarzkopf, Herbert Norman 1934- (Author), Petre, Peter (Author)
Format: Book
Language:English
PhysicalDescription:xii, 530 s., [32] s. fotogr. príl. mp. 25 cm
Published: New York Bantam Books c1992
ISBN:0553089447
Edition:1st ed.
Subjects:

MARC

LEADER 00000nam a2200000 a 4500
001 vtls001482464
003 SK-MaSNL
005 20260302073651.0
008 240318s1992 xxuob g h 00100aeng
020 |a 0553089447  |q (viaz.) 
035 |a SNK000437761 
040 |a SNK  |b slo  |c SNK  |e AACR2 
041 0 |a eng 
044 |a xxu  |a xxc  |a xxk  |c GB  |c US  |c CA 
072 7 |a 355/359  |x Vojenstvo. Obrana krajiny. Ozbrojené sily  |2 konspekt 
080 |a 356/359  |2 MDT-MRF 
080 |a 930.9  |2 MDT-MRF 
080 |a 821-94  |2 MDT-MRF 
080 |a 929  |2 MDT-MRF 
100 1 |a Schwarzkopf, Herbert Norman  |d 1934-  |4 aut  |9 738359 
245 1 0 |a It doesn't take a hero  |b General H. Norman Schwarzkopf : the autobiography  |c written with Peter Petre 
250 |a 1st ed. 
260 |a New York  |b Bantam Books  |c c1992 
300 |a xii, 530 s., [32] s. fotogr. príl.  |b mp.  |c 25 cm 
500 |a "Linda Grey Bantam Books." 
600 1 7 |a Schwarzkopf, Herbert Norman  |d 1934-  |2 SNKPH  |9 738359 
650 0 7 |a americká armáda  |x vojenské konflikty  |y 20.stor. (2. pol.)  |2 SNKPH  |9 738360 
655 7 |a autobiografie  |2 SNKPH  |9 70280 
700 1 |a Petre, Peter  |4 aut  |9 345096 
919 |a 0-553-08944-7 
999 |c 1161876  |d 1163806 
952 |t P60, <04>, [BOOK], {604}, -K-  |a SNK  |b SNK  |y VYP  |7 0  |p 17A0450017  |o snkIC 131811  |i snkV 1602/2004  |8 2  |g 26.56  |0 0  |1 0  |4 0  |d 2004-09-24  |l 0  |r 2005-01-02 00:00:00  |w 2026-02-24